<?xml version="1.0" encoding="UTF-8"?>
<marc:record xmlns:marc="http://www.loc.gov/MARC21/slim">
   <marc:leader>00000nam a2200000 a 4500</marc:leader>
   <marc:datafield ind1="1" ind2=" " tag="100">
      <marc:subfield code="a">Heyden, Alexa von</marc:subfield>
      <marc:subfield code="4">aut</marc:subfield>
      <marc:subfield code="e">Verfasser/-in</marc:subfield>
   </marc:datafield>
   <marc:datafield ind1="0" ind2="0" tag="245">
      <marc:subfield code="a">Hinter dem Blau</marc:subfield>
   </marc:datafield>
   <marc:datafield ind1="0" ind2="0" tag="245">
      <marc:subfield code="b">ein kleines Mädchen verliert seinen Vater ; eine junge Frau findet zu sich</marc:subfield>
   </marc:datafield>
   <marc:datafield ind1="0" ind2="0" tag="245">
      <marc:subfield code="c">Alexa von Heyden</marc:subfield>
   </marc:datafield>
   <marc:datafield ind1=" " ind2="1" tag="264">
      <marc:subfield code="a">Hamburg</marc:subfield>
      <marc:subfield code="b">Eden Books</marc:subfield>
      <marc:subfield code="c">2013</marc:subfield>
   </marc:datafield>
   <marc:datafield ind1=" " ind2=" " tag="250">
      <marc:subfield code="a">1. Aufl.</marc:subfield>
   </marc:datafield>
   <marc:datafield ind1="1" ind2=" " tag="520">
      <marc:subfield code="a">Angaben aus der Verlagsmeldung

Hinter dem Blau : Ein kleines Mädchen verliert seinen Vater. Eine junge Frau findet zu sich. / von Alexa Heyden

Helena wächst in einer großen und scheinbar glücklichen Arztfamilie mit vier Geschwistern auf – dass der Vater an schweren Depressionen leidet, bemerkt niemand. An einem wunderschönen Sommertag ersticht sich der Vater, und Helena findet ihn im Keller. Jahrzehntelang trägt sie Wut und Trauer in sich, findet aber nicht die Kraft, sich wirklich mit der Tat auseinanderzusetzen, bis ein guter Freund ebenfalls den Freitod wählt. Jetzt ist sie erwachsen und traut sich erstmals, den Nachlass des Vaters zu sichten. Als sie dabei entdeckt, dass er in Thailand als Arzt in einem Flüchtlingslager ein zweites Leben aufgebaut hatte, in dem er offenbar glücklich war, ist sie schockiert – lernt aber auch, dem Vater zu vergeben.
</marc:subfield>
   </marc:datafield>
   <marc:datafield ind1=" " ind2=" " tag="020">
      <marc:subfield code="a">9783944296036</marc:subfield>
      <marc:subfield code="9">9783944296036</marc:subfield>
   </marc:datafield>
   <marc:datafield ind1=" " ind2=" " tag="300">
      <marc:subfield code="a">193 S.</marc:subfield>
   </marc:datafield>
</marc:record>
